[Event "Manavgat Turkey Cup"]
[Site "Manavgat"]
[Date "2016.02.02"]
[Round "6"]
[White "Olcum, Ahmet"]
[Black "Ozturk, Yavuz"]
[Result "1-0"]
[WhiteElo "2013"]
[BlackElo "1785"]
[PlyCount "65"]
[EventDate "2016.01.30"]
[EventType "swiss"]
[EventRounds "11"]
[EventCountry "TUR"]
[SourceTitle "CBM 170 Extra"]
[Source "ChessBase"]
[SourceDate "2016.02.25"]
[SourceVersion "1"]
[SourceVersionDate "2016.02.25"]
[SourceQuality "1"]

1. Nf3 Nf6 2. g3 g6 3. Bg2 Bg7 4. 0-0 0-0 5. d3 d5 6. Nc3 Bg4 7. h3 Bxf3 8. Bxf3 c6 9. e4 dxe4 10. dxe4 Nbd7 11. Be3 Qc7 12. a4 Rfd8 13. Qe2 a5 14. Nb1 e5 15. Na3 Bf8 16. Qc4 Nb6 17. Qb3 Nbd7 18. Bg2 Nc5 19. Qc4 Ne6 20. c3 Nd7 21. f4 exf4 22. gxf4 Bh6 23. Kh1 Bxf4 24. Bxf4 Nxf4 25. e5 Ne6 26. Rxf7 Kxf7 27. Rf1+ Kg7 28. Qxe6 Qxe5 29. Qf7+ Kh8 30. Nc4 Qg7 31. Nd6 Rg8 32. Qe6 Rae8 33. Nxe8 1-0

[Event "Malatya Golden Apricot op 3rd"]
[Site "Malatya"]
[Date "2015.08.25"]
[Round "1"]
[White "Annaberdiev, Meilis"]
[Black "Ozturk, Yavuz"]
[Result "1-0"]
[WhiteElo "2417"]
[BlackElo "1790"]
[PlyCount "107"]
[EventDate "2015.08.25"]
[EventType "swiss"]
[EventRounds "9"]
[EventCountry "TUR"]
[SourceTitle "EXT 2016"]
[Source "ChessBase"]
[SourceDate "2015.10.08"]
[SourceVersion "1"]
[SourceVersionDate "2015.10.08"]
[SourceQuality "1"]

1. e4 e6 2. Qe2 Be7 3. Nf3 d5 4. d3 Nf6 5. g3 c5 6. Bg2 Nc6 7. 0-0 dxe4 8. dxe4 e5 9. c3 0-0 10. Bg5 Be6 11. Bxf6 Bxf6 12. Na3 Qb6 13. Rfb1 Rad8 14. Nc4 Qc7 15. Ne3 Na5 16. Rd1 c4 17. Nd5 Bxd5 18. exd5 b5 19. Nd2 Nb7 20. a4 a6 21. axb5 axb5 22. Ne4 Nd6 23. Nxf6+ gxf6 24. Qg4+ Kh8 25. Qh4 Qe7 26. Ra6 Rfe8 27. Rda1 e4 28. Re1 f5 29. Qh6 Qe5 30. f3 Qxd5 31. Qf6+ Kg8 32. Qg5+ Kh8 33. Qf6+ Kg8 34. fxe4 Nxe4 35. Bxe4 Rxe4 36. Qg5+ Kh8 37. Raa1 Rde8 38. Rxe4 Qxe4 39. Rf1 Re5 40. h4 Rd5 41. h5 Qg4 42. Qxg4 fxg4 43. h6 f5 44. Re1 Kg8 45. Re7 Rd6 46. Rg7+ Kh8 47. Rb7 Rxh6 48. Rxb5 Rd6 49. Kf2 Rd2+ 50. Ke3 Rd3+ 51. Kf4 Rf3+ 52. Kg5 Rxg3 53. Kf6 h5 54. Kg6 1-0

[Event "Kemer Turkey Cup"]
[Site "Kemer"]
[Date "2014.02.03"]
[Round "4"]
[White "Ozturk, Yavuz"]
[Black "Sehitogullari, Halil"]
[Result "1/2-1/2"]
[WhiteElo "1852"]
[BlackElo "1747"]
[PlyCount "73"]
[EventDate "2014.02.01"]
[EventType "swiss"]
[EventRounds "9"]
[EventCountry "TUR"]
[SourceTitle "CBM 158 Extra"]
[Source "ChessBase"]
[SourceDate "2014.02.28"]
[SourceVersion "1"]
[SourceVersionDate "2014.02.28"]
[SourceQuality "1"]

1. e4 e6 2. d4 d5 3. e5 c5 4. c3 Nc6 5. Nf3 Qb6 6. a3 c4 7. Nbd2 f6 8. Be2 Qc7 9. exf6 Nxf6 10. 0-0 Bd6 11. a4 0-0 12. b3 cxb3 13. Qxb3 e5 14. dxe5 Nxe5 15. c4 dxc4 16. Bxc4+ Nxc4 17. Qxc4+ Qxc4 18. Nxc4 Bc5 19. Be3 Bxe3 20. Nxe3 b6 21. Rfc1 Ba6 22. h3 Rac8 23. Nf5 Nd5 24. N3d4 Rf6 25. Re1 g6 26. Nh6+ Kh8 27. Re5 Bb7 28. Ng4 Rf4 29. Nb5 h5 30. Nd6 Rc2 31. Nxb7 hxg4 32. Rxd5 Rfxf2 33. hxg4 Rxg2+ 34. Kf1 Rh2 35. Kg1 Rhg2+ 36. Kf1 Rh2 37. Kg1 1/2-1/2